The Veterinary Journal and Annals of Comparative Pathology.

Bibliographic Details
Uniform Title:Veterinary Journal and Annals of Comparative Pathology (Online)
Format: Serial
Language:English
Published: W.B. Saunders.
Subjects:
Online Availability: Check for online availability

MARC

Tag First Indicator Second Indicator Subfields
LEADER 00000cas a22000003 4500
001 in00005648821
008 171102uuuuuuuuuxx uu o u0 0eng d
006 m o d
007 cr mnu||||||||
005 20250624162826.0
035 |a (OCoLC)on1009348322 
040 |a CNCGM  |b eng  |c CNCGM  |d UAB  |d OCLCQ  |d U3W  |d OCLCF  |d QGK  |d OCLCQ  |d OCLCO  |d OCLCQ  |d TXA 
019 |a 1043650885  |a 1241964975 
022 |a 2543-3377 
035 |a (OCoLC)1009348322  |z (OCoLC)1043650885  |z (OCoLC)1241964975 
050 4 |a SF601 
082 0 4 |a 619.05  |q OCoLC 
130 0 |a Veterinary Journal and Annals of Comparative Pathology (Online) 
245 1 4 |a The Veterinary Journal and Annals of Comparative Pathology. 
260 |b W.B. Saunders. 
336 |a text  |b txt  |2 rdacontent 
337 |a computer  |b c  |2 rdamedia 
338 |a online resource  |b cr  |2 rdacarrier 
506 |a Access restricted to authorized users and institutions. 
650 0 |a Veterinary medicine  |v Periodicals. 
650 0 |a Pathology, Comparative  |v Periodicals. 
655 7 |a Periodicals.  |2 lcgft 
776 0 |t Veterinary Journal and Annals of Comparative Pathology 
936 |a BATCHLOAD 
029 1 |a AU@  |b 000061411219 
994 |a Z0  |b TXA 
948 |h HELD BY TXA - 6 OTHER HOLDINGS 
999 f f |s 5d3d6864-9a0d-4d73-8e35-97dcca562e61  |i 7654db4c-e8d3-4b6c-a4b7-dd072b2dd5b4  |t 0 
952 f f |a Texas A&M University  |b College Station  |c Electronic Resources  |d Available Online  |t 0  |e SF601  |g Electronic  |h Library of Congress classification 
998 f f |a SF601  |t 0  |l Available Online